Guide to Natural Healing (Record no. 321840)
[ view plain ]
| 000 -LEADER | |
|---|---|
| fixed length control field | 00293 a2200121 4500 |
| 001 - CONTROL NUMBER | |
| control field | 86767 |
| 003 - CONTROL NUMBER IDENTIFIER | |
| control field | NUST |
| 005 - DATE AND TIME OF LATEST TRANSACTION | |
| control field | 20180123115247.0 |
| 008 - FIXED-LENGTH DATA ELEMENTS--GENERAL INFORMATION | |
| fixed length control field | 180123b xxu||||| |||| 00| 0 eng d |
| 082 ## - DEWEY DECIMAL CLASSIFICATION NUMBER | |
| Classification number | 615.5 GED |
| 100 ## - MAIN ENTRY--PERSONAL NAME | |
| Personal name | Geddes, Grosset |
| 9 (RLIN) | 9612 |
| 245 ## - TITLE STATEMENT | |
| Title | Guide to Natural Healing |
| Medium | English |
| 260 ## - PUBLICATION, DISTRIBUTION, ETC. | |
| Place of publication, distribution, etc. | Polland |
| Name of publisher, distributor, etc. | Geddes & Grosset |
| Date of publication, distribution, etc. | 2003 |
| 300 ## - PHYSICAL DESCRIPTION | |
| Extent | 480p. |
| 942 ## - ADDED ENTRY ELEMENTS (KOHA) | |
| Institution code [OBSOLETE] | CAE NUST |
| Koha item type | Book |
| Call number prefix | 615.5 GED |
| Source of classification or shelving scheme | |
| Withdrawn status | Lost status | Damaged status | Not for loan | Collection code | Permanent Location | Current Location | Date acquired | Total Checkouts | Full call number | Barcode | Date last seen | Price effective from | Koha item type |
|---|---|---|---|---|---|---|---|---|---|---|---|---|---|
| College of Aeronautical Engineering (CAE) | College of Aeronautical Engineering (CAE) | 04/03/2017 | 615.5 GED | CAE85675 | 04/05/2017 | 04/05/2017 | Book |
